000 00381nam a22001337a 4500
008 241127b |||||||| |||| 00| 0 eng d
020 _a0195752805
050 _aPN 6222.A2
_b.C45
100 _aKing Bruce
245 _aA Celebration of Black and African Writing
260 _aZaria
_bAhmadu Bello University press and Oxford University press
_c1977
300 _aXx,259
942 _cBK
999 _c1803
_d1803